| 000 | 01318cam a22003497a 4500 | ||
|---|---|---|---|
| 003 | CHAP | ||
| 005 | 20230918183822.0 | ||
| 008 | 971013s1991 r 00010 d | ||
| 010 | _a9578 | ||
| 011 | _a10550 | ||
| 035 | _a9787 | ||
| 040 | _cCHAP | ||
| 082 |
_a631.8 _bR8 |
||
| 100 | 0 | 0 |
_aRueda Peiro, Isabel. _9100559 |
| 245 | 1 | 3 | _aLa industria de los fertilizantes en México |
| 260 |
_aMéxico, D.F. : _bUNAM. Instituto de Investigaciones Económicas, _c1991 |
||
| 300 |
_a124 p. _b; gráfs |
||
| 490 | 3 | _aLa estructura económica y social de México | |
| 590 |
_aBATCH-UPD _b10 _c20130110 _lUCH01 _h2012 |
||
| 590 |
_aBATCH-UPD _b10 _c20130410 _lUCH01 _h1331 |
||
| 590 |
_aBATCH-UPD _b10 _c20130914 _lUCH01 _h1403 |
||
| 590 |
_aCONVERSION _b10 _c20130109 _lUCH01 _h1306 |
||
| 650 | 1 | 4 |
_aFertilizantes _xAspectos económicos. _940451 |
| 650 | 1 | 4 |
_aFertilizantes _xIndustria. _940566 |
| 650 | 1 | 4 |
_aFertilizantes _xMercadeo. _940581 |
| 830 |
_aLa estructura económica y social de México (UNAM. CIT) _964220 |
||
| 901 | _aBK | ||
| 942 | _cLIBRO | ||
| 949 |
_a631.8 R8 _bBC _cLIBRO _d33724000171864 _eLIBRO _gI.c/e _h86230 _i9787 _si _t30.00 |
||
| 949 |
_a631.8 R8 _bBC _cLIBRO _d33724000172086 _eLIBRO _fc.2 _gI.c/e _h86231 _i9787 _si _t30.00 |
||
| 949 |
_a631.8 R8 _bBC _cLIBRO _d33724000420709 _eLIBRO _fc.3 _gI.c/e _h86232 _i9787 _si _t30.00 |
||
| 999 |
_c9578 _d9578 |
||